| 000 | 02080cam a22002054a 4500 | ||
|---|---|---|---|
| 005 | 20250605164032.0 | ||
| 008 | 250528s ||||||||||||||||||||||||d | ||
| 035 | _a16685 | ||
| 020 | _a9607344170 | ||
| 040 |
_aGR-AtMCL _bgre _dGR-AtMCL _eAACR2 |
||
| 245 | 1 | _aΣύγχρονη Διοικητική των Επιχειρήσεων / Modern Business Management | |
| 260 |
_bΣύγχρονη Εκδοτική, _c1993 |
||
| 300 | _a456 | ||
| 505 | 0 | _aΠρόλογος, Εισαγωγή, Διακρίσεις των Επιχειρήσεων, Πολυεθνικές Επιχειρήσεις, Συνασπισμοί Επιχειρήσεων, Το Επιχειρηματικό Περιβάλλον, Η Κοινωνική Ευθύνη της Επιχείρησης, Διοίκηση και Διοικητική, Προγραμματισμός, Λήψη Αποφάσεων, Οργάνωση, Εξουσία, Εξουσιοδότηση, Αποκέντρωση, Συλλογική Άσκηση Αρμοδιότητας και Επιτροπές, Βασικές Λειτουργίες της Επιχείρησης, Επικοινωνία, Στελέχωση, Διεύθυνση και Ηγεσία, Έλεγχος. | |
| 520 | _aΠρόλογος, Εισαγωγή, Διακρίσεις των Επιχειρήσεων, Πολυεθνικές Επιχειρήσεις, Συνασπισμοί Επιχειρήσεων, Το Επιχειρηματικό Περιβάλλον, Η Κοινωνική Ευθύνη της Επιχείρησης, Διοίκηση και Διοικητική, Προγραμματισμός, Λήψη Αποφάσεων, Οργάνωση, Εξουσία, Εξουσιοδότηση, Αποκέντρωση, Συλλογική Άσκηση Αρμοδιότητας και Επιτροπές, Βασικές Λειτουργίες της Επιχείρησης, Επικοινωνία, Στελέχωση, Διεύθυνση και Ηγεσία, Έλεγχος. | ||
| 700 | 1 |
_aΦλώρος Χρήστος _92773 |
|
| 942 | _cBK | ||
| 999 |
_c2160 _d2160 |
||